000 00470nam a2200157Ia 4500
003 GCL
008 140319s9999 xx 000 0 ara d
040 _aGCL /
_cGCL
082 0 4 _a891.703
_bا ن
100 1 _aايبسيك
245 1 0 _aنوائى (هدية من الاديب عبدالفتاح الجمل) /
_cايبسيك
490 _a
650 0 4 _aالقصة الروسية المترجمة
650 0 4 _aالادب الروسى المترجم
942 _2ddc
_cBK
999 _c40614
_d40614